000 00652nam a2200205 a 4500
005 20191224041839.0
008 160130t2006 ck ad gr|||| 00| 0 spa d
040 _aCO-BoIAVH
_cCO-BoIAVH
041 _aspa
082 4 _a333.7071
_bC32c2
245 _aCartilla ambiental para el subsector minería de carbón
260 _aBogotá
_bCAR
_bCAE
_bCamara de Comercio de Bogotá
_c2006
300 _a83 paginas.:
_bilustraciones, gráficos;
_c27 x 21 cm.
650 4 _aMinería de carbón
650 4 _aSeguridad industrial
650 4 _aGestión ambiental
650 4 _aCarbon
942 _cLIBRO
_2ddc
945 _d2008-11-13
999 _c6661
_d6661